| 000 | 00695nam a2200181 a 4500 | ||
|---|---|---|---|
| 001 | 000036831 | ||
| 005 | 20200930075949.0 | ||
| 008 | 120201s1950 xx 000 0 spa d | ||
| 040 |
_aDO-SdBNP _bspa _cBNPHU |
||
| 041 | 1 | 7 |
_aspa _beng |
| 082 |
_a501 _bS785s |
||
| 100 | 1 |
_aStanden, Anthony. _963169 |
|
| 245 | 1 | 0 | _aScience is a sacred cow. |
| 260 |
_aNew York : _bE. P. Dutton, _c1950. |
||
| 300 |
_a219 p. ; _c19 cm. |
||
| 505 | 0 |
_aThey say it's wonderful -- _tHow they dish it out -- _tScience at its best -physics -- _tBiology, or know thyself -- _tThe proper study -psychology -- _tThe social animal -- _tTrue science -mathematics -- _tWatch those scientist |
|
| 650 | 4 |
_aScience _xMethodology. _963170 |
|
| 999 |
_c36322 _d36322 |
||